000 00544nam a2200205Ia 4500
005 20250505124924.0
008 008 250505s9999 xx 000 0 eng d
037 _aTextbook
040 _aLCO
_beng
_cLCO
041 _aeng
_2eng
084 _aWw2,M96 Q0
_qLCO
100 _aNariman, Fali S.
245 0 _aBefore memory fades
_cFali S. Nariman
260 _aNew Delhi, India
_bHey house India
_c2010
300 _a459
365 _aINR
_b699
650 _aLaw
942 _cTB
_hWw2,M96 Q0
999 _c1310684
_d1310684